000
00268nam a2200109Ia 4500
001
1268729
005
20260417145256.0
008
260417s9999 xx 000 0 und d
020
_a
9786256698864
245
0
_a
Palyaço Balığı
_c
Alan Durant
260
_b
Ketebe Genç
999
_c
1268729
_d
1268729